000 00394cam a22001217a 4500
008 180718b1961 xxu||||| |||| 00| 0 eng d
082 _aLm B14
100 _aBahl, Roy
245 _aUrban government financial structure and management in developing countries
_cby Roy Bahl
260 _aOxford
_bOxford University Press
_c1961
300 _a94p.
650 _aMunicipal Finance - Undevelopment Areas
999 _c416219
_d416219